| 000 | 00703nam a2200229Ia 4500 | ||
|---|---|---|---|
| 003 | OSt | ||
| 005 | 20241025093146.0 | ||
| 008 | 210716s2018 xx 000 0 und d | ||
| 020 | _a9789386873583 | ||
| 040 | _cAIMIT LIBRARY | ||
| 041 | _aeng | ||
| 082 |
_a005.1332 _23 _bWAGB |
||
| 100 |
_aWagner, Bill. _9183222 |
||
| 245 |
_aEffective c#: _b50 specific ways to improve your c# / _cBy Bill Wagner. |
||
| 250 | _a1st ed. | ||
| 260 |
_aNew Delhi : _bPearson Education ; _c2018. |
||
| 300 |
_axvii,268p. ; _bPB _c23 cm. |
||
| 650 |
_a.Net resource management _9183223 |
||
| 650 |
_aWorking with generics _9183224 |
||
| 650 |
_aException practices _9183225 |
||
| 942 |
_2ddc _cBK _e3rd ed. _k005.1332 WAGB |
||
| 999 |
_c196356 _d196356 |
||